| 000 | 00888nac a22002657a 4500 | ||
|---|---|---|---|
| 001 | BR9801762 | ||
| 003 | BR-BrBNA | ||
| 005 | 20240105122115.0 | ||
| 008 | 230509b bl.|||m| |||| 00| 0 por d | ||
| 040 |
_aBR-BrBNA _bpor _cBiblioteca Nacional de Agricultura |
||
| 072 | _aE14; F06 | ||
| 090 | _aE14 BR9801762 | ||
| 100 | 1 | _aMedeiros, R.D. de | |
| 100 | 1 | _aRojas, R.N.Z. | |
| 110 | 1 |
_aCentro de Pesquisa Agroflorestal de Roraima, Boa Vista (Brasil) _91534 |
|
| 245 | 1 | _aInformacoes basicas para elaboracao de projetos de irrigacao | |
| 260 | 3 |
_aBoa Vista, RR (Brasil): _c1997. |
|
| 300 | _a27 p. | ||
| 490 |
_aDocumento - Centro de Pesquisa Agroflorestal de Roraima (Brazil) _vno. 1 _xISSN 0101-9805 |
||
| 500 | _a19 tables; 29 ref. | ||
| 650 | _aIrrigacao | ||
| 650 | _aProjeto de Desenvolvimento | ||
| 909 |
_a202312 _bLúcia Elande _c55 _dLúcia Elande |
||
| 942 |
_2AGRIS _n0 _cMS |
||
| 999 |
_c289233 _d289233 |
||